| 000 | 00440nam a2200133Ia 4500 | ||
|---|---|---|---|
| 005 | 20210429153916.0 | ||
| 008 | 210429s9999 xx 000 0 und d | ||
| 082 | _aMTL-MS IQ/BL | ||
| 100 |
_aNadeem Iqbal _947573 |
||
| 245 | _aUltra high Temperature Thermal Endurance Testing of Silica Carbon Aromatic Oil Glass Fiber Reinforced in Epdm Based Ablative Composites | ||
| 260 |
_aISLAMABAD _bSCME _c2009 |
||
| 300 | _a91P | ||
| 942 |
_2ddc _cREF |
||
| 999 |
_c561132 _d561132 |
||